000 00526nam a2200181 a 4500
001 000047589
005 20201002060626.0
008 180704s2017 dr 000 0 spa d
020 _a9789945168365
040 _aDO-SdBNP
_bspa
_cBNPHU
082 _axxx
_bxxx
100 _aSantos, Carlos
_91987
245 1 0 _aPrimavera difusa. /
_cCarlos Santos.
260 _aSanto Domingo, :
_bBúho,
_c2017.
300 _a160 p. ;
_c23 cm.
590 _aInventariado, 2018/ YL
500 _aIncluye datos biografícos del autor en la solapa
999 _c47077
_d47077